MARC

Tag First Indicator Second Indicator Subfields
LEADER 00000cam a22000008a 4500
001 in00004497607
005 20191203131155.0
008 040409s2004 iaua b 001 0 eng
010 |a  2004008413 
016 7 |a 101213099  |2 DNLM 
020 |a 0813803799 (alk. paper) 
035 |a (OCoLC)ocm54966654 
035 |z (UtOrBLW)36703 
035 |a 53418 
040 |a DNLM/DLC  |c DLC  |d NLM  |d UtOrBLW 
042 |a pcc 
049 |a TMVM  |c 1 
050 0 0 |a SF780.2  |b .V48 2004 
060 1 0 |a QW 70  |b V586 2004 
060 4 |a SF 780.2  |b V586 2004 
082 0 0 |a 636.089/69041  |2 22 
245 0 0 |a Veterinary microbiology /  |c [edited by] Dwight C. Hirsh, N. James MacLachlan, Richard L. Walker. 
250 |a Second edition. 
264 1 |a Ames, Iowa :  |b Blackwell Pub.,  |c [2004] 
264 4 |c ©2004 
300 |a xi, 536 pages :  |b illustrations ;  |c 29 cm. 
336 |a text  |2 rdacontent  |b txt 
337 |a unmediated  |2 rdamedia 
338 |a volume  |2 rdacarrier  |b nc 
504 |a Includes bibliographical references and index. 
505 0 |a Parasitism and pathogenicity -- Immune responses to infectious agents -- Laboratory diagnosis -- Antimicrobial chemotherapy -- Antimicrobial drugs : a strategy for rational use and the ramifications of misuse -- Vaccines -- Family Enterobacteriacae -- Enterobacteriacae : Escherichia -- Enterobacteriacae : Salmonella -- Enterobacteriacae : Yersinia -- Enterobacteriacae : Shigella -- Pasteurellaceae : Pasteurella, Mannheimia -- Pasteurellaceae : Actinobacillus -- Pasteurellaceae : Haemophilus and Histophilus -- Bordetella -- Brucella -- Burkholderia mallei and burkholderia pseudomallei -- Francisella tularensis -- Moraxella -- Pseudomonas -- Taylorella equigenitalis -- Spiral-curved organisms I : Borrelia -- Spiral-curved organisms II : Brachyspira (Serpulina) -- Spiral-curved organisms III : Campylobacter, Arcobacter, Lawsonia -- Spiral-curved organisms IV : Helicobacter - the spiral shaped microorganisms of the gastrointestinal tract and liver -- Spiral-curved organisms V : Leptospira -- Staphylococcus -- Strepococcus and Enterococcus -- Arcanobacterium -- Bacillus -- Corynebacterium -- Erysipelothrix -- Listeria -- Rhodococcus -- Non-spore-forming obligate anaerobes -- Clostridium -- Filamentous bacteria : Actinomyces, Norcardia, Dermatophilus, and Streptobacillus -- Mycobacterium -- Chlamydiaceae -- Mollicutes -- Rickettsiae : Rickettsia, Coxiella, and Orientia -- Ehrlichiae : Ehrlichia and Neorickettsia -- Anaplasmataceae -- Bartonellaceae -- Yeasts-Cryptococcus, Malassezia, and Candida -- Dermatophytes -- Agents of subcutaneous mycoses -- Agents of systemic mycoses -- Pathogenesis of viral diseases -- Parvoviridae and Circoviridae -- Asfarviridae and Iridoviridae -- Papillomaviridae and Polymaviridae -- Adenoviridae -- Herpesviridae -- Poxviridae -- Picornaviridae -- Caliciviridae -- Togaviridae and Flaviviridae -- Orthomyxoviridae and Bunyaviridae -- Paramyxoviridae, Filoviridae, and Bornaviridae -- Rhabdoviridae -- Coronaviridae and Arteriviridae -- Reoviridae -- Birnaviridae -- Retroviridae -- Transmissible spongiform encephalopathies -- Circulatory system and lymphoid tissues -- Digestive system and associated organs -- Integumentary system -- Musculoskeletal system -- Nervous system -- Ocular infections -- Respiratory system -- Urogenital system 
650 2 |a Animal Disease  |x microbiology. 
650 2 |a Bacteria. 
650 2 |a Bacterial Infections  |x veterinary. 
650 2 |a Fungi. 
650 2 |a Mycoses  |x veterinary. 
650 2 |a Viruses. 
650 2 |a Virus Diseases  |x veterinary. 
650 2 |a Veterinary Medicine. 
650 2 |a Animal Population Groups  |x microbiology. 
700 1 |a Hirsh, Dwight C. 
700 1 |a Maclachlan, Nigel James. 
700 1 |a Walker, Richard L.,  |c DVM. 
948 |a PO 8242 
948 |a AE: SF 780.2 V586 1999 (2/30) 
948 |a Latest ed. to Reference. 
999 |a MARS 
999 f f |s 8120dfcb-c6bf-3fc5-9f05-d169a4ffb0b4  |i e1e5f214-2690-326e-ac2d-989ecf6bb9cc  |t 0 
952 f f |p preservation  |a Texas A&M University  |b J.J. Pickle Campus  |c High Density Repository  |s HDR  |d Remote Storage  |t 0  |e SF 780.2 V586 2004  |h National Library of Medicine classification  |i unmediated -- volume  |m 323890266267B 
998 f f |a SF 780.2 V586 2004  |t 0  |l Remote Storage